Eureka! : An Illustrated History of Inventions from the Wheel to the Computer /

Enciclopedia de los inventos, referida a lo que comúnmente asociamos con el término y que se vincula con los productos del desarrollo tecnólogico, pero también a muchos otros aspectos que dan cuenta de la evolución de las sociedades humanas (el vestido, la acupuntura, el sistema de créditos, sólo po...

Descripción completa

Guardado en:
Detalles Bibliográficos
Autor principal: Bono, Edward De (edición)
Formato: Libro
Idioma:Inglés
Publicado: Nueva York, EUA : Holt, Rinehart and Winston, 1974, c1974
Temas:
Etiquetas: Agrega una etiqueta
Sin etiquetas, Sé el primero en etiquetar este registro!

MARC

LEADER 00000nam^a2200000^a^4500
001 000290809
005 20250521000000.0
008 090701 19741974
009 20260310112019.297
020 |a 0-03-012641-X 
025 |a Donación sin dato, 1 ejemplar 
037 |a Acervo ITESO - Biblioteca 
041 |a ING 
082 |a 609.  |b BON 
100 |a Bono, Edward De  |e (edición) 
245 1 0 |a Eureka! :  |b An Illustrated History of Inventions from the Wheel to the Computer /  |c Ed. de E. de Bono. 
264 4 |a Nueva York, EUA :  |b Holt, Rinehart and Winston,  |c 1974, c1974 
300 |a 248 p. 
336 |a texto  |b txt  |2 rdacontenido 
337 |a sin mediación  |b n  |2 rdamedio 
338 |a volumen  |b nc  |2 rdasoporte 
520 |a Enciclopedia de los inventos, referida a lo que comúnmente asociamos con el término y que se vincula con los productos del desarrollo tecnólogico, pero también a muchos otros aspectos que dan cuenta de la evolución de las sociedades humanas (el vestido, la acupuntura, el sistema de créditos, sólo por citar unos ejemplos). 
649 |a XX 
650 |a Inventos -  |x Tema Principal 
650 |a Inventos -  |x Enciclopedias y Diccionarios 
650 |a Inventos -  |x Historia 
650 |a Desarrollo Tecnológico -  |x Historia 
650 |a Historia Universal 
650 |a Enciclopedias y Diccionarios 
910 |a Fondo General 
920 |a Impresos - Libros 
930 |a Obras de Referencia 
905 |a 102 
901 |a 0500177536  |b IT2  |c REF  |i D  |u 20250521 
902 |a https://opac.biblio.iteso.mx/vufind/Record/000290809